| 000 | 00000nam##2200000za#4500 |
| 001 | 9.605313 |
| 003 | CaOODSP |
| 005 | 20210624212042 |
| 007 | cr ||||||||||| |
| 008 | 150406|2000||||xxc|||||o f|0| 0 fre|d |
| 022 | |a1495-0790 |
| 040 | |aCaOODSP|bfre |
| 043 | |an-cn--- |
| 086 | 1 |aFA1-2/2000-2F-PDF |
| 110 | 1 |aCanada. |bBureau du vérificateur général. |
| 245 | 10|a[Rapport de la commissaire à l'environnement et au développement durable à la Chambre des communes]. Chapitre 2, : |h[ressource électronique]|bL'écologisation des opérations gouvernementales - quand le gouvernement sera-t-il à la hauteur? |
| 260 | |aOttawa - Ontario : |bBureau du vérificateur général du Canada |
| 300 | |a31p.|bglossaire, tableaux |
| 490 | 1 |aRapport du commissaire à l'environnement et au développement durable à la Chambre des communes. [Chapitres]|x1495-0790|v2000 |
| 590 | |a13-05-Supp|b2013-02-27 |
| 775 | 08|t[Report of the Commissioner of the Environment and Sustainable Development to the House of Commons]. Chapter 2, : |w(CaOODSP)9.575939 |
| 830 | #0|aRapport du commissaire à l'environnement et au développement durable à la Chambre des communes. [Chapitres]|x1495-0790|v2000|w(CaOODSP)9.502646 |
| 856 | 40|ahttp://publications.gc.ca|qPDF|s102 Ko|uhttps://publications.gc.ca/collections/Collection/FA1-2-2000-3-2F.pdf|y2000 |